| 000 | 00594nam a2200205Ia 4500 | ||
|---|---|---|---|
| 005 | 20250923144929.0 | ||
| 008 | 008 250917s9999 xx 000 0 eng d | ||
| 037 | _aTextual | ||
| 040 |
_aDSWL _beng _cDSWL |
||
| 041 |
_aeng _2eng |
||
| 084 |
_aYX.3M, N56.3 _qDSWL |
||
| 100 |
_aYoung, A.F. _9829955 |
||
| 245 | 0 |
_aBriti social work in the nineteenth century _cby A.F. Young |
|
| 260 |
_aLondon _bRoutledge & Kegan Paul |
||
| 365 |
_aINR _b12 |
||
| 700 |
_aE.T. Aton _9829956 |
||
| 925 | _g12 | ||
| 942 |
_cTEXL _hYX.3M, N56.3 |
||
| 999 |
_c1445102 _d1445102 |
||